000 00661nam a2200253Ia 4500
003 OSt
005 20221005085414.0
006 a|||||r|||| 00| 0
007 ta
008 221004b |||||||| |||| 00| 0 eng d
024 _a50552
037 _cTextual
040 _aCRL
_cCRL
_beng
041 _2eng
_aeng
082 _aO111,3G43:gx, H7
100 _aFrench Robert Dudley
245 0 _aChaucer handbook
250 _a2nd
260 _aNew York
_bF.S.Crofts and Co. USA
_c1947
300 _a402p.
_ccm.
650 _aENGLISH LITERATURE
942 _hO111,3G43:gx, H7
_cTEXL
_2cc
999 _c994200
_d994200